000 00517pab a2200181 454500
008 180718b2003 xxu||||| |||| 00| 0 eng d
100 _aPalmer-Jones, Richard
245 _aWhat has luck got to do with it? A regional analysis of poverty and agricultural growth in rural India
260 _c2003
300 _ap.1-31.
362 _aOct
650 _aAgriculture - India
650 _aPoverty - India
650 _aPoverty
700 _aSen, Kunal
773 _aJournal of Development Studies
909 _a58740
999 _c58740
_d58740